书目信息 |
| 题名: |
店铺盈利生金模式
|
|
| 作者: | 金克言 , 朱丹 著 | |
| 分册: | ||
| 出版信息: | 北京 机械工业出版社 2012 |
|
| 页数: | 227页 | |
| 开本: | 25cm | |
| 丛书名: | ||
| 单 册: | ||
| 中图分类: | F717.5 | |
| 科图分类: | ||
| 主题词: | 服装--商店--商业经营 , 服装 , 商店 , 商业经营 | |
| 电子资源: | ||
| ISBN: | 978-7-111-36680-5 | |
| 000 | 01115nam0 22002891 450 | |
| 001 | 519 | |
| 005 | 20140909100051.59 | |
| 010 | @a978-7-111-36680-5@dCNY38.00 | |
| 100 | @a20120220d2012 em y0chiy50 ea | |
| 101 | 0 | @achi |
| 102 | @aCN@b110000 | |
| 105 | @ay z 000yy | |
| 106 | @ar | |
| 200 | 1 | @a店铺盈利生金模式@ADian Pu Ying Li Sheng Jin Mo Shi@e用明天的观念赚今天的钱@EYong Ming Tian De Guan Nian Zhuan Jin Tian De Qian@f金克言,朱丹著@FJin Ke Yan, Zhu Dan Zhu |
| 210 | @a北京@c机械工业出版社@d2012 | |
| 215 | @a227页@d25cm | |
| 330 | @a本书以全球“第5代零售盈利模式”为基础,介绍了服装终端最新的造势策略、提升进店率与成交率的全新方法、人员“潮”式管理、激发终端团队执行力的全新模式、多店管理模式、店铺促销的最新手法等实战内容。 | |
| 517 | 1 | @a用明天的观念赚今天的钱@AYong Ming Tian De Guan Nian Zhuan Jin Tian De Qian |
| 606 | 0 | @a服装@x商店@x商业经营 |
| 606 | 0 | @a服装 |
| 606 | 0 | @a商店 |
| 606 | 0 | @a商业经营 |
| 690 | @aF717.5@v5 | |
| 701 | 0 | @a金克言@AJin Ke Yan@4著 |
| 701 | 0 | @a朱丹@AZhu Dan@g(商业经营)@4著 |
| 801 | 0 | @aCN@bTANGWEI@c20140603 |
| 905 | @b0836724-26@dF717.5@e710@f3 | |
| 店铺盈利生金模式:用明天的观念赚今天的钱/金克言,朱丹著.-北京:机械工业出版社,2012 |
| 227页;25cm |
| ISBN 978-7-111-36680-5:CNY38.00 |
| 本书以全球“第5代零售盈利模式”为基础,介绍了服装终端最新的造势策略、提升进店率与成交率的全新方法、人员“潮”式管理、激发终端团队执行力的全新模式、多店管理模式、店铺促销的最新手法等实战内容。 |
| ● |
| 相关链接 |
|
|
|
|
正题名:店铺盈利生金模式
索取号:F717.5/710
 
预约/预借
| 序号 | 登录号 | 条形码 | 馆藏地/架位号 | 状态 | 备注 |
| 1 | 0836724 | 208367248 | 第一样本阅览室/ [索取号:F717.5/710] | 在馆 | |
| 2 | 0836725 | 208367257 | 密集书库-海洋学院/ [索取号:F717.5/710] | 在馆 | |
| 3 | 0836726 | 208367266 | 第一借阅区/ [索取号:F717.5/710] | 在馆 |